| 000 | 00467nam a2200157 i 4500 | ||
|---|---|---|---|
| 001 | 74494 | ||
| 003 | ES-MaACL | ||
| 005 | 20230906172143.0 | ||
| 007 | t| | ||
| 008 | 040920s1971 sp ||||1| spa d | ||
| 100 | 1 |
_aGonzález Metola, Luis. _958810 |
|
| 245 | 1 | 3 |
_aEl Padre Jandilla / _cFrancisco González Metola. |
| 260 |
_aJerez : _b[s.n., _c1971] ( _fGráf. del Exportador) |
||
| 300 |
_a148 p., 4 lám. : _bmap. ; _c21 cm. |
||
| 852 |
_aES-MaACL _jC-44767 _bR.80367 |
||
| 999 |
_c74494 _d74494 |
||